[Event "Biel MTO"]
[Site "Biel"]
[Date "2001.07.25"]
[Round "3"]
[White "Vovsha, Eli"]
[Black "Vuckovic, Bojan"]
[Result "1-0"]
[WhiteElo "2382"]
[BlackElo "2497"]
[PlyCount "73"]
[EventDate "2001.07.23"]
[Source "ChessBase"]
[SourceDate "2001.09.11"]

1. e4 e6 2. d4 d5 3. Nc3 Nf6 4. Bg5 Bb4 5. exd5 Qxd5 6. Bxf6 gxf6 7. Nge2 Nc6 8. Qd2 Bxc3 9. Nxc3 Qxd4 10. Qxd4 Nxd4 11. O-O-O Nc6 12. Nb5 Rb8 13. Nxc7+ Ke7 14. Bb5 a6 15. Nxa6 Ra8 16. Nc5 Rxa2 17. Bxc6 bxc6 18. Kb1 Ra7 19. b4 Rg8 20. g3 Ba6 21. Kb2 Bc4 22. Ra1 Rc7 23. Ra3 Rg5 24. Rha1 Rh5 25. Ra7 Rxa7 26. Rxa7+ Kf8 27. Ne4 e5 28. h4 Kg7 29. Nd6 Be6 30. Rc7 f5 31. Rxc6 f4 32. b5 fxg3 33. fxg3 e4 34. b6 Bd5 35. b7 Bxc6 36. b8=Q e3 37. Ne8+ 1-0

[Event "Neu Isenburg Open"]
[Site "Neu Isenburg"]
[Date "1992.04.25"]
[Round "7"]
[White "Hector, Jonny"]
[Black "Steinbacher, Matthias"]
[Result "1-0"]
[WhiteElo "2535"]
[BlackElo "2335"]
[PlyCount "60"]
[EventDate "1992.04.24"]
[Source "www.chesslib.no"]
[SourceDate "2004.05.04"]

1. e4 e6 2. d4 d5 3. Nc3 Nf6 4. Bg5 Bb4 5. Nge2 h6 6. Bxf6 Qxf6 7. a3 Bxc3+ 8. Nxc3 Nc6 9. Bb5 O-O 10. Bxc6 bxc6 11. e5 Qf5 12. O-O f6 13. exf6 Qxf6 14. f4 c5 15. dxc5 c6 16. Qd2 Ba6 17. Rf2 Rab8 18. b4 e5 19. fxe5 Qxe5 20. Rxf8+ Rxf8 21. Re1 Bc4 22. Nd1 Rf4 23. c3 d4 24. Nf2 Qg5 25. cxd4 Bd5 26. g3 Rf3 27. Qxg5 hxg5 28. Nh3 Rxa3 29. Nxg5 Kf8 30. Ne6+ Kf7 1-0

[Event "Budapest FS07 GM"]
[Site "Budapest"]
[Date "2002.07.13"]
[Round "8"]
[White "Pedersen, Nicolai Vesterbaek"]
[Black "Radziewicz, Iweta"]
[Result "1-0"]
[WhiteElo "2458"]
[BlackElo "2407"]
[PlyCount "81"]
[EventDate "2002.07.06"]
[Source "ChessBase"]
[SourceDate "2002.09.11"]

1. e4 e6 2. d4 d5 3. Nc3 Nf6 4. Bg5 Bb4 5. exd5 Qxd5 6. Bxf6 gxf6 7. Qd2 Qg5 8. Qd3 Bd7 9. Qc4 Nc6 10. a3 Ba5 11. Nf3 Qh6 12. g3 e5 13. Bg2 O-O-O 14. O-O Bxc3 15. Qxc3 e4 16. Nh4 f5 17. d5 Ne7 18. Qc5 Qd6 19. Qxa7 c6 20. c4 cxd5 21. cxd5 Qxd5 22. Rac1+ Bc6 23. b4 Kc7 24. Qe3 Qe5 25. Rc5 Rd5 26. Rxd5 Nxd5 27. Qc5 Qc3 28. Nxf5 Qxc5 29. bxc5 Nc3 30. f3 e3 31. Nxe3 Re8 32. Nc4 Bd5 33. Nd6 Ra8 34. f4 Bxg2 35. Kxg2 f6 36. Rc1 Nd5 37. Kf3 Rxa3+ 38. Ke4 Kc6 39. Nb5 f5+ 40. Kd4 Nf6 41. Rc3 1-0

[Event "Germany"]
[Site "?"]
[Date "2001.10.21"]
[Round "?"]
[White "Berov Arkady"]
[Black "Wiedenkeller Michael"]
[Result "1/2-1/2"]
[WhiteElo "2411"]
[BlackElo "2453"]
[PlyCount "102"]
[EventDate "2001.??.??"]
[Source "www.chesslib.no"]
[SourceDate "2004.05.04"]

1. d4 Nf6 2. Nc3 d5 3. Bg5 e6 4. e4 Bb4 5. exd5 Qxd5 6. Bxf6 Bxc3+ 7. bxc3 gxf6 8. c4 Qa5+ 9. Qd2 Qxd2+ 10. Kxd2 b6 11. Be2 Bb7 12. Bf3 Nc6 13. Ne2 O-O-O 14. Kc3 Rhg8 15. Rab1 Na5 16. Bxb7+ Nxb7 17. g3 c5 18. Rbd1 Rg5 19. h4 cxd4+ 20. Rxd4 Ra5 21. Rxd8+ Kxd8 22. Rd1+ Kc7 23. Kb2 Nd6 24. Kb3 Ne4 25. f3 Nc5+ 26. Kb2 Na4+ 27. Kc1 Re5 28. Nd4 a6 29. Rd3 Rc5 30. Ne2 Rxc4 31. Nf4 Nc5 32. Re3 f5 33. Nh5 h6 34. Nf4 Na4 35. Nd3 Rc3 36. Kd2 Kd6 37. g4 Rc4 38. Ne5 Rd4+ 39. Kc1 f4 40. Re1 f6 41. Nf7+ Ke7 42. Nxh6 Rd5 43. h5 Nc3 44. Nf5+ Kf7 45. Nh4 Nxa2+ 46. Kb2 Nb4 47. Re4 a5 48. Rxf4 Rc5 49. Kb3 e5 50. Re4 Nxc2 51. Nf5 Nd4+ 1/2-1/2

[Event "BLR-ch Minsk"]
[Site "Minsk"]
[Date "1996.??.??"]
[Round "9"]
[White "Tihonov, Jurij"]
[Black "Kovalev, Andrei"]
[Result "1/2-1/2"]
[WhiteElo "2365"]
[BlackElo "2495"]
[PlyCount "167"]
[EventDate "1996.??.??"]
[Source "ChessBase"]

1. d4 Nf6 2. Nc3 d5 3. Bg5 e6 4. e4 Bb4 5. e5 h6 6. Bd2 Bxc3 7. bxc3 Ne4 8. Qg4 g6 9. Bd3 Nxd2 10. Kxd2 c5 11. h4 Nc6 12. Nf3 Bd7 13. Rab1 Qc7 14. Qf4 f5 15. g4 c4 16. Be2 fxg4 17. Qf6 Rg8 18. Nh2 h5 19. Bxg4 hxg4 20. Nxg4 Ne7 21. h5 gxh5 22. Nh6 Rf8 23. Qg5 Bc6 24. Qxh5+ Kd7 25. Ng4 Rad8 26. Qg5 Rf7 27. Rh6 Nf5 28. Rf6 Rxf6 29. exf6 Nd6 30. f3 Nf7 31. Qe3 Kc8 32. Rh1 Kb8 33. Rh7 Rd7 34. Qxe6 Nd8 35. Rh8 Rh7 36. Rg8 Qf4+ 37. Ke2 Kc7 38. Qe5+ Qxe5+ 39. dxe5 Bd7 40. Rg7 Rh8 41. Kf2 Kc6 42. Kg3 Ne6 43. Re7 d4 44. f7 d3 45. cxd3 cxd3 46. Kf2 d2 47. Ke2 Nf4+ 48. Kxd2 Nd5 49. f8=Q Rxf8 50. Rg7 Rxf3 51. c4 Bxg4 52. cxd5+ Kxd5 53. Rxg4 Ra3 54. Rg7 b6 55. Re7 Rxa2+ 56. Ke3 Ra4 57. Kd3 a5 58. Re8 Rd4+ 59. Kc3 Re4 60. Rb8 Kc6 61. Re8 b5 62. Kd3 Rb4 63. Rd8 Rb1 64. Kd2 Rh1 65. e6 Rh7 66. Kc3 Re7 67. Ra8 a4 68. Kb4 Rxe6 69. Ra6+ Kd5 70. Ra8 Rb6 71. Rc8 Rb7 72. Rc5+ Kd4 73. Rc8 Ra7 74. Rd8+ Ke3 75. Ka3 Ke2 76. Rb8 Ra5 77. Rd8 b4+ 78. Kxb4 a3 79. Kxa5 a2 80. Re8+ Kd2 81. Rd8+ Kc2 82. Rc8+ Kb2 83. Rb8+ Ka3 84. Rb4 1/2-1/2

[Event "Balatonbereny Open"]
[Site "Balatonbereny HUN"]
[Date "1994.??.??"]
[Round "5"]
[White "Varga, Zoltan"]
[Black "Anka, Emil"]
[Result "1-0"]
[WhiteElo "2470"]
[BlackElo "2390"]
[PlyCount "69"]
[EventDate "1994.09.??"]
[Source "www.chesslib.no"]
[SourceDate "2004.05.04"]

1. d4 Nf6 2. Nc3 d5 3. Bg5 e6 4. e4 Bb4 5. e5 h6 6. exf6 hxg5 7. fxg7 Rg8 8. h4 gxh4 9. Nf3 Qf6 10. Rxh4 Bd7 11. a3 Bxc3+ 12. bxc3 Nc6 13. Bb5 O-O-O 14. Bxc6 Bxc6 15. Qe2 Rxg7 16. g3 Bb5 17. Qe3 Ba4 18. O-O-O Rgg8 19. Rf4 Qg6 20. Qe2 Qh6 21. Ne5 Be8 22. Kb2 Qf8 23. Ka2 Rd6 24. Rb1 Ra6 25. Rb3 Qe7 26. Qf3 Rg7 27. c4 c5 28. cxd5 exd5 29. Rc3 Ra5 30. Nd3 c4 31. Rf5 Rg5 32. Ne5 Rxf5 33. Qxf5+ Kb8 34. Nxc4 Qc7 35. Nxa5 1-0

[Event "Amsterdam"]
[Site "Amsterdam"]
[Date "1982.??.??"]
[Round "1"]
[White "Kuijf, Marinus"]
[Black "Ree, Hans"]
[Result "1/2-1/2"]
[WhiteElo "2370"]
[BlackElo "2490"]
[PlyCount "36"]
[EventDate "1982.07.??"]
[Source "ChessBase"]

1. e4 e6 2. d4 d5 3. Nc3 Nf6 4. Bg5 Bb4 5. Nge2 dxe4 6. a3 Be7 7. Bxf6 Bxf6 8. Nxe4 O-O 9. g3 e5 10. Bg2 exd4 11. Nxf6+ Qxf6 12. Qxd4 Qe7 13. Qe4 Qxe4 14. Bxe4 Nd7 15. O-O-O Nf6 16. Bg2 Bg4 17. Rd2 Rad8 18. Nc3 c6 1/2-1/2

[Event "Hoogovens-C op"]
[Site "Wijk aan Zee"]
[Date "1999.??.??"]
[Round "8"]
[White "Mestrovic, Zvonimir"]
[Black "Visser, Yge"]
[Result "0-1"]
[WhiteElo "2450"]
[BlackElo "2410"]
[PlyCount "102"]
[EventDate "1999.01.??"]
[Source "www.chesslib.no"]
[SourceDate "2004.05.04"]

1. d4 Nf6 2. Nc3 d5 3. Bg5 e6 4. e4 Bb4 5. Bd3 dxe4 6. Bxe4 Nbd7 7. Bd3 c5 8. a3 Bxc3+ 9. bxc3 Qc7 10. Nf3 c4 11. Be2 Ne4 12. Bd2 Nb6 13. O-O Nd5 14. Qe1 Nxd2 15. Nxd2 Nxc3 16. Bxc4 O-O 17. Bd3 Bd7 18. Nf3 Bb5 19. Rc1 Rfd8 20. Qd2 Rac8 21. h3 Bxd3 22. Qxd3 Qc4 23. Kh2 Qxd3 24. cxd3 b6 25. Rc2 Nb5 26. Rfc1 Rxc2 27. Rxc2 g6 28. Rc4 Nxa3 29. Rc7 Nb5 30. Rb7 Rc8 31. g4 Rc7 32. Rb8+ Kg7 33. g5 h6 34. h4 hxg5 35. hxg5 Nd6 36. Rd8 Nf5 37. Nd2 Ne7 38. Ne4 Nd5 39. Nd6 Re7 40. Ne8+ Kh7 41. f4 b5 42. Rb8 b4 43. Nf6+ Nxf6 44. gxf6 Rd7 45. Rxb4 g5 46. Rb5 gxf4 47. Rg5 Kh6 48. Rg7 a5 49. Kg2 a4 50. Kf3 a3 51. Kxf4 a2 0-1

[Event "Corr"]
[Site "?"]
[Date "2000.05.10"]
[Round "?"]
[White "Schmelz Thomas"]
[Black "Siviero Giuseppe"]
[Result "1/2-1/2"]
[WhiteElo "2452"]
[BlackElo "2405"]
[PlyCount "46"]
[EventDate "2000.??.??"]
[Source "www.chesslib.no"]
[SourceDate "2004.05.04"]

1. e4 e6 2. d4 d5 3. Nc3 Nf6 4. Bg5 Bb4 5. exd5 Bxc3+ 6. bxc3 exd5 7. Bd3 h6 8. Bh4 O-O 9. Ne2 c5 10. dxc5 Nbd7 11. O-O Nxc5 12. f3 Bd7 13. Nd4 Rc8 14. Qd2 a6 15. Rfe1 b5 16. Re5 Qb6 17. Qf4 Nxd3 18. cxd3 Rxc3 19. Bxf6 Qxf6 20. Qxf6 gxf6 21. Rxd5 Be6 22. Rd6 Rxd3 23. Nxb5 Rxd6 1/2-1/2

[Event "9. International Chess Festival"]
[Site "?"]
[Date "2005.06.15"]
[Round "4"]
[White "Novikov Maxim"]
[Black "Gorovykh Eduard"]
[Result "1-0"]
[WhiteElo "2524"]
[BlackElo "2325"]
[PlyCount "76"]
[EventDate "2005.??.??"]
[Source "www.chesslib.no"]
[SourceDate "2004.05.04"]

1. e4 e6 2. d4 d5 3. Nc3 Nf6 4. Bg5 Bb4 5. Nge2 dxe4 6. a3 Be7 7. Bxf6 Bxf6 8. Nxe4 Bd7 9. g4 Bc6 10. Bg2 O-O 11. O-O g6 12. Qd3 Bg7 13. f4 Nd7 14. b4 Nb6 15. c4 Qe7 16. b5 Bxe4 17. Bxe4 Rae8 18. Rad1 Nd7 19. Qb3 Rb8 20. Qf3 Nb6 21. Rc1 c5 22. bxc6 f5 23. Bd3 bxc6 24. Qxc6 Rfc8 25. Qf3 Qxa3 26. c5 Nd5 27. Bxf5 Qa6 28. Ra1 Qc6 29. Be4 Qd7 30. Ra6 Nc7 31. Rd6 Qa4 32. Bc6 Qc4 33. Bd7 Rd8 34. Qe4 Kf7 35. Rc1 Qa2 36. Rc2 Qb1+ 37. Kg2 e5 38. Nc3 Qb3 1-0

[Event "Open"]
[Site "Ascona SUI"]
[Date "2007.12.05"]
[Round "4"]
[White "Sabirov, F."]
[Black "Libiszewski, F."]
[Result "0-1"]
[WhiteElo "2362"]
[BlackElo "2486"]
[PlyCount "60"]
[EventDate "2007.12.03"]
[Source "www.chesslib.no"]
[SourceDate "2004.05.04"]

1. e4 e6 2. Nc3 d5 3. d4 Nf6 4. Bg5 Bb4 5. Nge2 h6 6. Bxf6 Qxf6 7. a3 Ba5 8. exd5 O-O 9. b4 Bb6 10. Qd3 Rd8 11. Na4 exd5 12. c3 Re8 13. f3 Bf5 14. Qd2 Nd7 15. Kf2 c6 16. Nxb6 Nxb6 17. Ng3 Qh4 18. Re1 Rxe1 19. Qxe1 Bd7 20. Bd3 Re8 21. Qd2 f5 22. Kg1 f4 23. Ne2 Re3 24. g3 Qh5 25. Nxf4 Qxf3 26. Be2 Qe4 27. h4 Rxg3+ 28. Kh2 Re3 29. Rf1 Qe7 30. Qe1 Bg4 0-1

[Event "AUT-chT 9596"]
[Site "Austria"]
[Date "1996.??.??"]
[Round "?"]
[White "Brestian, Egon"]
[Black "Weinzettl, Ernst"]
[Result "1/2-1/2"]
[WhiteElo "2450"]
[BlackElo "2395"]
[PlyCount "56"]
[EventDate "1995.??.??"]
[Source "ChessBase"]

1. e4 e6 2. d4 d5 3. Nc3 Nf6 4. Bg5 Bb4 5. Nge2 dxe4 6. a3 Be7 7. g3 Nbd7 8. Bg2 O-O 9. O-O c5 10. dxc5 Nxc5 11. Qxd8 Rxd8 12. b4 Ncd7 13. Nxe4 h6 14. Nxf6+ Nxf6 15. Bf4 Nd5 16. Rad1 a5 17. c4 Nxf4 18. Rxd8+ Bxd8 19. Nxf4 axb4 20. axb4 Ra4 21. Rb1 g5 22. Nd3 Ra3 23. Nc5 b6 24. Ne4 Bb7 25. c5 Bxe4 26. Bxe4 bxc5 27. bxc5 Bf6 28. Rc1 Rc3 1/2-1/2